UM Logo

High voltage pulse generator based on a novel magnetic isolated drive circuit / (Record no. 19575)

MARC details
000 -LEADER
fixed length control field 01081nam a22002537a 4500
003 - CONTROL NUMBER IDENTIFIER
control field OSt
005 - DATE AND TIME OF LATEST TRANSACTION
control field 20250827113218.0
008 - FIXED-LENGTH DATA ELEMENTS--GENERAL INFORMATION
fixed length control field 240308b ||||| |||| 00| 0 eng d
040 ## - CATALOGING SOURCE
Transcribing agency 0
082 ## - DEWEY DECIMAL CLASSIFICATION NUMBER
Classification number DPer 621.317 Ie21 July 2022 v.37 n. 7
100 ## - MAIN ENTRY--PERSONAL NAME
Personal name Zhou, Xiaoyu.
Relator term author.
9 (RLIN) 54237
245 ## - TITLE STATEMENT
Title High voltage pulse generator based on a novel magnetic isolated drive circuit /
Statement of responsibility, etc. Xiaoyu Zhou, Zhiwen Zhang, Shoulong Dong, Liang Yu, Jiangnan Liu, Xue Qiao, and Chenguo Yao
260 ## - PUBLICATION, DISTRIBUTION, ETC. (IMPRINT)
Place of publication, distribution, etc. New York ;
Name of publisher, distributor, etc. The Institute of Electrical and Electronics Engineers, Inc. ,
Date of publication, distribution, etc. July 2022.
300 ## - PHYSICAL DESCRIPTION
Extent volume 37, pages 8157-8166 :
Other physical details illustration ;
Dimensions 28 cm.
500 ## - GENERAL NOTE
General note <br/>IEEE Transactions on Power Electronics, vol. 37, no. 7, pages 8157-8166, July 2022.<br/>
700 ## - ADDED ENTRY--PERSONAL NAME
Personal name Zhou, Xiaoyu.
Relator term author.
9 (RLIN) 54237
700 ## - ADDED ENTRY--PERSONAL NAME
Personal name Zhang, Zhiwen.
Relator term author.
9 (RLIN) 54238
700 ## - ADDED ENTRY--PERSONAL NAME
Personal name Dong, Shoulong.
Relator term author.
9 (RLIN) 54239
700 ## - ADDED ENTRY--PERSONAL NAME
Personal name Yu, Liang.
Relator term author.
9 (RLIN) 54240
700 ## - ADDED ENTRY--PERSONAL NAME
Personal name Liu, Jiangnan.
Relator term author.
9 (RLIN) 54241
700 ## - ADDED ENTRY--PERSONAL NAME
Personal name Qiao, Xue.
Relator term author.
9 (RLIN) 54242
700 ## - ADDED ENTRY--PERSONAL NAME
Personal name Yao, Chenguo.
Relator term author.
9 (RLIN) 54243
942 ## - ADDED ENTRY ELEMENTS (KOHA)
Source of classification or shelving scheme Dewey Decimal Classification
Koha item type Periodicals
Holdings
Withdrawn status Lost status Source of classification or shelving scheme Damaged status Not for loan Collection code Home library Current library Date acquired Total Checkouts Full call number Date last seen Price effective from Koha item type Public note
    Dewey Decimal Classification     Periodicals UM Digos College - LIC UM Digos College - LIC 03/08/2024   DPer 621.317 Ie21 July 2022 v.37 n. 7 03/08/2024 03/08/2024 Periodicals Periodical Article